000 00744nam a22002177a 4500
003 OSt
008 230518b2014 |||||||| |||| 00| 0 eng d
020 _a9788131527962
082 _a658.40300285554
_bGRO-S
100 _aGross, Debra
245 _aSucceeding in business with Microsoft Office Excel 2010 :
_ba problem-solving approach /
_cDebra Gross; Frank Akaiwa and Karleen Nordquist
260 _aDelhi :
_bCengage Learning,
_c2014.
300 _axxi, 700 p. ;
650 _aProblem solving-Data processing
650 _aMicrosoft Excel (Computer file)
650 _aBusiness-Computer programs
650 _aElectronic spreadsheets-Computer programs
700 _aAkaiwa, Frank
700 _aNordquist, Karleen
942 _2ddc
_cBK
_01
999 _c19570
_d19570